| 000 | 01421nab a22002537a 4500 | ||
|---|---|---|---|
| 999 |
_c5895 _d5895 |
||
| 003 | OSt | ||
| 005 | 20260109235220.0 | ||
| 008 | 190605e xxu||||| |||| 00| 0 spa d | ||
| 040 | _cPJ | ||
| 100 |
_96370 _aLoredo, María Sol |
||
| 245 | 1 | 0 |
_aAnálisis de la responsabilidad civil de las ART desde las facetas preventiva, reparatoria y disuasiva conforme el ordenamiento jurídico argentino / _cMaría Sol Loredo. |
| 260 |
_aCiudad Autónoma de Buenos Aires : _bThomson Reuters La Ley, _c2023. |
||
| 300 | _ap. 105-113 | ||
| 500 | _aCita: TR LALEY AR/DOC/1345/2023. | ||
| 505 | _aSumario: I. Introducción.— II. La función preventiva de la responsabilidad.— III. La función reparadora de la responsabilidad.— IV. Función disuasiva o punitiva de la responsabilidad.— V. Conclusión. | ||
| 505 | _aFallo comentado: CNTrab., sala IV ~ 02/02/2023 ~ Ferrabone, Enrique c. Obra Social del Personal de Dirección de la Industria Cervecera y Maltera y otros. | ||
| 505 | _t¿Te interesa el texto completo? Solicitalo al correo: koha@justierradelfuego.gov.ar | ||
| 650 | 0 |
_91316 _aDERECHO LABORAL |
|
| 650 | 0 |
_95144 _aASEGURADOR POR RIESGOS DEL TRABAJO |
|
| 650 | 0 |
_91417 _aACCIDENTES DE TRABAJO |
|
| 650 | 0 |
_91467 _aRESPONSABILIDAD CIVIL |
|
| 773 | 0 |
_02711 _93168 _dCiudad Autónoma de Buenos Aires : Thomson Reuters La Ley, 1999-2002. _tRevista de derecho del trabajo. Nº 4 - Julio 2023 |
|
| 942 |
_2udc _cANA |
||